000 00455nam a22001937a 4500
005 20170130113028.0
008 170130b xxu||||| |||| 00| 0 eng d
020 _a9780099546764
_c399
040 _aLoreto College
041 _aEnglish
082 _aF
_bNES
100 _aNesbo,Jo
245 _aThe devil's Star
_cJo Nesbo
260 _aLondon
_bVintage Books
_c2009
300 _a532p.
_b22cm
650 _aFiction
850 _aLCLIB
942 _cBK
999 _c40870
_d91349